Giáo dục học Tài liệu đào tạo giáo viên tiểu học trình độ cao đẳng và đại học sư phạm
KHQL Lý luận giáo dục phổ thông
Saved in:
| Main Author: | |
|---|---|
| Other Authors: | |
| Format: | Book |
| Language: | Undetermined |
| Published: |
H.
Giáo dục
2007
|
| Subjects: | |
| Online Access: | http://lrc.tdmu.edu.vn/opac/search/detail.asp?aID=2&ID=4136 |
| Tags: |
Add Tag
No Tags, Be the first to tag this record!
|
| Institutions: | Trung tâm Học liệu Trường Đại học Thủ Dầu Một |
|---|
| LEADER | 00793nam a2200229Ia 4500 | ||
|---|---|---|---|
| 001 | TDMU_4136 | ||
| 008 | 210410s9999 xx 000 0 und d | ||
| 082 | |a 372.83 | ||
| 090 | |b NG525 | ||
| 100 | |a Nguyễn, Thi Quy | ||
| 245 | 0 | |a Giáo dục học | |
| 245 | 0 | |b Tài liệu đào tạo giáo viên tiểu học trình độ cao đẳng và đại học sư phạm | |
| 245 | 0 | |c Nguyễn Thị Quy | |
| 260 | |a H. | ||
| 260 | |b Giáo dục | ||
| 260 | |c 2007 | ||
| 300 | |a 304tr. | ||
| 520 | |a KHQL Lý luận giáo dục phổ thông | ||
| 650 | |a Giáo dục học | ||
| 700 | |a Nguyễn, Thị Bích Hạnh | ||
| 856 | |u http://lrc.tdmu.edu.vn/opac/search/detail.asp?aID=2&ID=4136 | ||
| 980 | |a Trung tâm Học liệu Trường Đại học Thủ Dầu Một | ||